| 000 -CABECERA |
| campo de control de longitud fija |
01648nam a2200289 u 4500 |
| 001 - NÚMERO DE CONTROL |
| campo de control |
000048587 |
| 005 - FECHA Y HORA DE LA ÚLTIMA TRANSACCIÓN |
| campo de control |
20200120222613.0 |
| 008 - DATOS DE LONGITUD FIJA--INFORMACIÓN GENERAL |
| campo de control de longitud fija |
120423s2011 sp a br 000 j spa d |
| 020 ## - NÚMERO INTERNACIONAL ESTÁNDAR DEL LIBRO |
| Número Internacional Estándar del Libro |
8466715762 |
| 041 0# - CÓDIGO DE LENGUA |
| Código de lengua del texto/banda sonora o título independiente |
-spa |
| 043 ## - CÓDIGO DE ÁREA GEOGRÁFICA |
| Código de área geográfica |
e-sp--- |
| 090 ## - LOCALMENTE ASIGNADO TIPO-LC NÚMERO DE CLASIFICACIÓN (OCLC); NÚMERO DE CLASIFICACIÓN LOCAL (RLIN) |
| Número de clasificación (OCLC) (R) ; Numero de clasificación, CALL (RLIN) (NR) |
C |
| Número cutter local (OCLC) ; Número de libro/Signatura topográfica íntegra, CALL (RLIN) |
ALOAcm |
| 100 1# - ENTRADA PRINCIPAL--NOMBRE DE PERSONA |
| Nombre de persona |
Alonso, Ana |
| Fechas asociadas al nombre |
1970- |
| 245 14 - MENCIÓN DE TÍTULO |
| Título |
Una carta muy rara / |
| Mención de responsabilidad, etc. |
Ana Alonso ; ilustraciones de Antonia Santolaya. |
| 250 ## - MENCIÓN DE EDICIÓN |
| Mención de edición |
1a. ed. |
| 260 ## - PUBLICACIÓN, DISTRIBUCIÓN, ETC. |
| Lugar de publicación, distribución, etc. |
Madrid : |
| Nombre del editor, distribuidor, etc. |
Anaya, |
| Fecha de publicación, distribución, etc. |
2011. |
| 300 ## - DESCRIPCIÓN FÍSICA |
| Extensión |
62 p. : |
| Otras características físicas |
il., col. |
| 490 0# - MENCIÓN DE SERIE |
| Mención de serie |
Pizca de sal |
| -- |
Lengua |
| 500 ## - NOTA GENERAL |
| Nota general |
Incluye 11 fichas troqueladas con actividades |
| 500 ## - NOTA GENERAL |
| Nota general |
Audiencia: A partir de 6 años |
| 520 3# - SUMARIO, ETC. |
| Sumario, etc. |
"Lut, el mago de las palabras, tiene visita. ¡Los reyes magos han venido a verle! Han recibido una carta muy rara, y necesitan su ayuda para entender lo que dice. ¿Conseguirá Lut aclarar el misterio? Además de disfrutar de la lectura, permite aprender los signos de puntuación y adquirir vocabulario relacionado con la Navidad. Pizca de Sal es una colección que combina literatura y contenidos de distintas materias del currículo: cada libro aborda los contenidos a través de una historia de ficción con una trama seductora y divertida y un lenguaje adecuado a la edad de los lectores. Los libros, de diseño atractivo y profusamente ilustrados, van acompañados de diez fichas de actividades con propuestas para realizar individualmente o en equipo, y tanto en casa como en el aula" |
| 650 14 - PUNTO DE ACCESO ADICIONAL DE MATERIA--TÉRMINO DE MATERIA |
| Término de materia o nombre geográfico como elemento de entrada |
Cuentos infantiles españoles |
| 650 24 - PUNTO DE ACCESO ADICIONAL DE MATERIA--TÉRMINO DE MATERIA |
| Término de materia o nombre geográfico como elemento de entrada |
Literatura infantil española |
| 650 24 - PUNTO DE ACCESO ADICIONAL DE MATERIA--TÉRMINO DE MATERIA |
| Término de materia o nombre geográfico como elemento de entrada |
Magos en la literatura |
| 650 24 - PUNTO DE ACCESO ADICIONAL DE MATERIA--TÉRMINO DE MATERIA |
| Término de materia o nombre geográfico como elemento de entrada |
Libros ilustrados para niños |
| 700 1# - PUNTO DE ACCESO ADICIONAL--NOMBRE DE PERSONA |
| Nombre de persona |
Santolaya, Antonia |
| Término indicativo de función/relación |
il. |